000
00249 a2200085 4500
082
_a
304.6095491 POP
245
_a
Population and Housing Census of Pakistan
260
_a
Pakistan :
_b
Population Census Organization,
_c
1998
300
_a
24p. :
_c
29 cm
650
_a
Population -- Census
999
_c
780
_d
780